The Way it Is

Tallennettuna:
Bibliografiset tiedot
Päätekijä: Hughes, Douglas
Aineistotyyppi: Kirja
Kieli:Undetermined
Julkaistu: New York, Estados Unidos Holt, Rinehart and Winston 1970
Aiheet:
Tagit: Lisää tagi
Ei tageja, Lisää ensimmäinen tagi!

MARC

LEADER 00000nam a2200000Ia 4500
008 170316s9999 xx 000 0 und d
040 |a cru BVZT 
090 |a 810 H-37w 
100 |a Hughes, Douglas 
245 4 |a The Way it Is 
260 |a New York, Estados Unidos 
260 |b Holt, Rinehart and Winston 
260 |c 1970 
300 |a 513 páginas 
650 |a LITERATURA ESTADOUNIDENSE 
999 |c 5754  |d 5754 
942 |c 15 D  |h 810 H-37w  |2 z